<?xml version="1.0" encoding="UTF-8"?>
<record
    xmlns:xsi="http://www.w3.org/2001/XMLSchema-instance"
    xsi:schemaLocation="http://www.loc.gov/MARC21/slim http://www.loc.gov/standards/marcxml/schema/MARC21slim.xsd"
    xmlns="http://www.loc.gov/MARC21/slim">

  <leader>01011aab a2200193 i 4500</leader>
  <controlfield tag="001">768714001</controlfield>
  <controlfield tag="003">CO-MdFUSB</controlfield>
  <controlfield tag="005">20250730121912.0</controlfield>
  <controlfield tag="008">250730t1989    ag ||||| |||| 00| 0 spa d</controlfield>
  <datafield tag="040" ind1=" " ind2=" ">
    <subfield code="b">spa</subfield>
    <subfield code="c">CO-MdFUSB</subfield>
  </datafield>
  <datafield tag="100" ind1="1" ind2=" ">
    <subfield code="a">Ram&#xED;rez, Elvira de</subfield>
    <subfield code="e">autor</subfield>
  </datafield>
  <datafield tag="245" ind1="1" ind2="3">
    <subfield code="a">El ministerio educativo de la iglesia </subfield>
    <subfield code="c">/ Elvira de Ram&#xED;rez</subfield>
  </datafield>
  <datafield tag="300" ind1=" " ind2=" ">
    <subfield code="a">Volumen 8, n&#xFA;mero 1 (marzo, 1989), P&#xE1;ginas 32-35 </subfield>
    <subfield code="c">; 27 cm</subfield>
  </datafield>
  <datafield tag="520" ind1=" " ind2=" ">
    <subfield code="a">Hay un m&#xE9;todo que le es propio a la educaci&#xF3;n cristiana, si es que tiene como prop&#xF3;sito formar integralmente al cristiano en la vida de fe. Este m&#xE9;todo se basa en el v&#xED;nculo estrecho entre maestros y alumnos. La presencia del maestro como modelo permite al disc&#xED;pulo no s&#xF3;lo llegar a saber lo que sabe, sino tambi&#xE9;n, por medio de la identificaci&#xF3;n con &#xE9;l, llegar a ser lo que es.</subfield>
  </datafield>
  <datafield tag="653" ind1=" " ind2=" ">
    <subfield code="a">Educaci&#xF3;n cristiana</subfield>
  </datafield>
  <datafield tag="773" ind1="0" ind2=" ">
    <subfield code="t">Iglesia y Misi&#xF3;n</subfield>
    <subfield code="0">49402</subfield>
    <subfield code="9">59672</subfield>
    <subfield code="g">Volumen 8, n&#xFA;mero 1 (marzo, 1989), p&#xE1;ginas 32 - 35</subfield>
    <subfield code="q">p&#xE1;ginas 32</subfield>
  </datafield>
  <datafield tag="942" ind1=" " ind2=" ">
    <subfield code="c">ANA</subfield>
  </datafield>
  <datafield tag="945" ind1=" " ind2=" ">
    <subfield code="a">JTF-925</subfield>
  </datafield>
  <datafield tag="999" ind1=" " ind2=" ">
    <subfield code="c">51797</subfield>
    <subfield code="d">51797</subfield>
  </datafield>
</record>
